[Event "DVM U20 2022"]
[Site "Münster GER"]
[Date "2022.12.29"]
[Round "5"]
[White "Koleber, Ksenia Alexandra"]
[Black "Neugirg, Mika"]
[Result "0-1"]
[Termination "normal"]
[Board "8.4"]
[WhiteElo "1403"]
[BlackElo "1573"]
[WhiteClock "00:08:46"]
[BlackClock "00:25:52"]
[WhiteTeam "Biebertaler Schachfreunde"]
[BlackTeam "SC Bavaria Regensburg von 1881 e.V."]
[PlyCount "60"]
[WhiteFideId "16271130"]
[BlackFideId "34619160"]
[EventCountry "GER"]
[EventRounds "7"]
[EventType "team-swiss"]
[EventDate "2022.12.26"]

1. e4 {[%clk 01:30:58]} {[%emt 00:00:01]} c6 {[%clk 01:30:55]} {[%emt
00:00:06]} 2. d4 {[%clk 01:31:11]} {[%emt 00:00:17]} d5 {[%clk 01:31:16]}
{[%emt 00:00:09]} 3. Nc3 {[%clk 01:31:17]} {[%emt 00:00:24]} dxe4 {[%clk
01:31:36]} {[%emt 00:00:10]} 4. Nxe4 {[%clk 01:31:41]} {[%emt 00:00:06]} Nf6
{[%clk 01:31:59]} {[%emt 00:00:07]} 5. Nxf6 {[%clk 01:25:50]} {[%emt 00:06:21]}
exf6 {[%clk 01:32:21]} {[%emt 00:00:08]} 6. c3 {[%clk 01:26:00]} {[%emt
00:00:20]} Bd6 {[%clk 01:32:41]} {[%emt 00:00:10]} 7. Bd3 {[%clk 01:25:32]}
{[%emt 00:00:57]} O-O {[%clk 01:32:59]} {[%emt 00:00:12]} 8. Ne2 {[%clk
01:23:32]} {[%emt 00:02:31]} Re8 {[%clk 01:33:09]} {[%emt 00:00:20]} 9. O-O
{[%clk 01:23:02]} {[%emt 00:01:00]} Nd7 {[%clk 01:31:00]} {[%emt 00:02:40]} 10.
Qb3 {[%clk 01:17:08]} {[%emt 00:06:24]} Qc7 {[%clk 01:27:28]} {[%emt 00:04:01]}
11. Ng3 {[%clk 01:13:31]} {[%emt 00:04:08]} Nf8 {[%clk 01:26:04]} {[%emt
00:01:52]} 12. Qc2 {[%clk 01:02:51]} {[%emt 00:11:12]} g6 {[%clk 01:20:37]}
{[%emt 00:05:56]} 13. Kh1 {[%clk 00:58:21]} {[%emt 00:05:01]} f5 {[%clk
01:15:10]} {[%emt 00:05:55]} 14. f4 {[%clk 00:46:20]} {[%emt 00:12:33]} Be6
{[%clk 01:08:00]} {[%emt 00:07:38]} 15. c4 {[%clk 00:44:57]} {[%emt 00:01:55]}
Rad8 {[%clk 01:03:38]} {[%emt 00:04:49]} 16. b3 {[%clk 00:41:31]} {[%emt
00:03:58]} Be7 {[%clk 01:00:17]} {[%emt 00:03:51]} 17. Bb2 {[%clk 00:35:57]}
{[%emt 00:06:04]} Bf6 {[%clk 00:55:48]} {[%emt 00:04:58]} 18. Qf2 {[%clk
00:30:17]} {[%emt 00:06:11]} Qb6 {[%clk 00:45:35]} {[%emt 00:10:41]} 19. c5
{[%clk 00:22:16]} {[%emt 00:08:34]} Qb4 {[%clk 00:42:34]} {[%emt 00:03:28]} 20.
Ne2 {[%clk 00:21:39]} {[%emt 00:01:10]} Qd2 {[%clk 00:39:54]} {[%emt 00:03:05]}
21. Nc1 {[%clk 00:19:02]} {[%emt 00:03:12]} Qxf2 {[%clk 00:39:58]} {[%emt
00:00:24]} 22. Rxf2 {[%clk 00:19:29]} {[%emt 00:00:05]} Bxd4 {[%clk 00:39:53]}
{[%emt 00:00:34]} 23. Bxd4 {[%clk 00:18:57]} {[%emt 00:01:02]} Rxd4 {[%clk
00:40:14]} {[%emt 00:00:09]} 24. Rf3 {[%clk 00:14:47]} {[%emt 00:04:40]} Bd5
{[%clk 00:37:30]} {[%emt 00:03:12]} 25. Rf1 {[%clk 00:13:00]} {[%emt 00:02:16]}
Be4 {[%clk 00:34:57]} {[%emt 00:03:03]} 26. Bc4 {[%clk 00:12:26]} {[%emt
00:01:07]} Rd2 {[%clk 00:31:53]} {[%emt 00:03:33]} 27. Be2 {[%clk 00:08:53]}
{[%emt 00:04:03]} Bd5 {[%clk 00:29:57]} {[%emt 00:02:25]} 28. Rf2 {[%clk
00:08:28]} {[%emt 00:00:56]} Rd1 {[%clk 00:27:22]} {[%emt 00:03:03]} 29. Rf1
{[%clk 00:08:42]} {[%emt 00:00:19]} Rxc1 {[%clk 00:25:30]} {[%emt 00:02:21]}
30. Raxc1 {[%clk 00:08:46]} {[%emt 00:00:26]} Rxe2 {[%clk 00:25:52]} {[%emt
00:00:08]} 0-1

[Event "DVM U20 2022"]
[Site "Münster GER"]
[Date "2022.12.29"]
[Round "5"]
[White "Maguire, Kristof"]
[Black "Peschel, Jan"]
[Result "1/2-1/2"]
[Termination "normal"]
[Board "8.5"]
[WhiteElo "1449"]
[BlackElo "1516"]
[WhiteClock "00:14:01"]
[BlackClock "00:02:45"]
[WhiteTeam "SC Bavaria Regensburg von 1881 e.V."]
[BlackTeam "Biebertaler Schachfreunde"]
[PlyCount "114"]
[WhiteFideId "16225163"]
[BlackFideId "16271629"]
[EventCountry "GER"]
[EventRounds "7"]
[EventType "team-swiss"]
[EventDate "2022.12.26"]

1. e4 {[%clk 01:30:57]} {[%emt 00:00:02]} e5 {[%clk 01:30:54]} {[%emt
00:00:07]} 2. Nf3 {[%clk 01:31:22]} {[%emt 00:00:04]} Nc6 {[%clk 01:31:19]}
{[%emt 00:00:06]} 3. d4 {[%clk 01:31:42]} {[%emt 00:00:10]} exd4 {[%clk
01:30:47]} {[%emt 00:01:02]} 4. Bc4 {[%clk 01:31:13]} {[%emt 00:00:59]} Nf6
{[%clk 01:11:48]} {[%emt 00:19:29]} 5. e5 {[%clk 01:31:27]} {[%emt 00:00:16]}
d5 {[%clk 01:11:37]} {[%emt 00:00:41]} 6. Bb5 {[%clk 01:31:08]} {[%emt
00:00:50]} Nd7 {[%clk 01:05:48]} {[%emt 00:06:19]} 7. O-O {[%clk 01:23:36]}
{[%emt 00:08:01]} Bc5 {[%clk 01:00:47]} {[%emt 00:05:31]} 8. Re1 {[%clk
01:17:04]} {[%emt 00:07:02]} O-O {[%clk 00:59:44]} {[%emt 00:01:33]} 9. Bxc6
{[%clk 01:16:41]} {[%emt 00:00:53]} bxc6 {[%clk 00:59:49]} {[%emt 00:00:24]}
10. Nxd4 {[%clk 01:16:53]} {[%emt 00:00:18]} Bxd4 {[%clk 00:57:42]} {[%emt
00:02:37]} 11. Qxd4 {[%clk 01:17:13]} {[%emt 00:00:11]} Re8 {[%clk 00:57:07]}
{[%emt 00:01:05]} 12. Bd2 {[%clk 01:05:20]} {[%emt 00:12:21]} Bb7 {[%clk
00:53:22]} {[%emt 00:04:17]} 13. Nc3 {[%clk 00:41:20]} {[%emt 00:24:29]} Re6
{[%clk 00:48:59]} {[%emt 00:04:53]} 14. Na4 {[%clk 00:32:28]} {[%emt 00:09:23]}
Qe8 {[%clk 00:37:23]} {[%emt 00:12:05]} 15. f4 {[%clk 00:31:30]} {[%emt
00:01:27]} a5 {[%clk 00:24:00]} {[%emt 00:13:54]} 16. Nc5 {[%clk 00:28:23]}
{[%emt 00:03:36]} Nxc5 {[%clk 00:23:56]} {[%emt 00:00:34]} 17. Qxc5 {[%clk
00:28:48]} {[%emt 00:00:06]} a4 {[%clk 00:22:46]} {[%emt 00:01:40]} 18. Bc3
{[%clk 00:28:02]} {[%emt 00:01:15]} Qf8 {[%clk 00:19:52]} {[%emt 00:03:24]} 19.
Qxf8 {[%clk 00:25:32]} {[%emt 00:02:59]} Kxf8 {[%clk 00:18:37]} {[%emt
00:01:45]} 20. Rad1 {[%clk 00:24:47]} {[%emt 00:01:14]} g6 {[%clk 00:18:09]}
{[%emt 00:00:59]} 21. Bb4 {[%clk 00:23:13]} {[%emt 00:02:04]} Kg8 {[%clk
00:18:11]} {[%emt 00:00:28]} 22. Rd3 {[%clk 00:19:21]} {[%emt 00:04:22]} Ba6
{[%clk 00:15:33]} {[%emt 00:03:08]} 23. Rg3 {[%clk 00:19:41]} {[%emt 00:00:09]}
Rae8 {[%clk 00:13:09]} {[%emt 00:02:55]} 24. Kf2 {[%clk 00:16:21]} {[%emt
00:03:49]} h5 {[%clk 00:09:56]} {[%emt 00:03:44]} 25. Bc3 {[%clk 00:12:51]}
{[%emt 00:04:00]} Kh7 {[%clk 00:08:59]} {[%emt 00:01:27]} 26. Ba5 {[%clk
00:10:00]} {[%emt 00:03:21]} R6e7 {[%clk 00:07:54]} {[%emt 00:01:35]} 27. b3
{[%clk 00:08:55]} {[%emt 00:01:35]} Bb5 {[%clk 00:07:47]} {[%emt 00:00:37]} 28.
Rge3 {[%clk 00:07:00]} {[%emt 00:02:24]} Ra8 {[%clk 00:07:02]} {[%emt
00:01:16]} 29. Bb4 {[%clk 00:06:49]} {[%emt 00:00:41]} Re6 {[%clk 00:07:25]}
{[%emt 00:00:07]} 30. h3 {[%clk 00:06:20]} {[%emt 00:00:58]} axb3 {[%clk
00:07:07]} {[%emt 00:00:48]} 31. axb3 {[%clk 00:06:34]} {[%emt 00:00:16]} Ra2
{[%clk 00:07:08]} {[%emt 00:00:30]} 32. Rc1 {[%clk 00:06:53]} {[%emt 00:00:11]}
Kg7 {[%clk 00:06:39]} {[%emt 00:00:59]} 33. Kf3 {[%clk 00:05:57]} {[%emt
00:01:26]} Kg8 {[%clk 00:05:26]} {[%emt 00:01:44]} 34. c4 {[%clk 00:06:00]}
{[%emt 00:00:27]} dxc4 {[%clk 00:05:32]} {[%emt 00:00:24]} 35. bxc4 {[%clk
00:06:21]} {[%emt 00:00:08]} c5 {[%clk 00:04:00]} {[%emt 00:02:02]} 36. Bxc5
{[%clk 00:05:57]} {[%emt 00:00:54]} Bc6 {[%clk 00:04:19]} {[%emt 00:00:10]} 37.
Kg3 {[%clk 00:06:00]} {[%emt 00:00:27]} Rxg2 {[%clk 00:04:07]} {[%emt
00:00:42]} 38. Kh4 {[%clk 00:06:29]} Rf2 {[%clk 00:02:02]} {[%emt 00:02:35]}
39. Re4 {[%clk 00:02:59]} {[%emt 00:04:00]} Bxe4 {[%clk 00:02:15]} {[%emt
00:00:17]} 40. Bxf2 {[%clk 00:03:27]} {[%emt 00:00:02]} f6 {[%clk 00:01:12]}
{[%emt 00:01:34]} 41. Bd4 {[%clk 00:02:44]} {[%emt 00:01:12]} fxe5 {[%clk
00:30:25]} {[%emt 00:01:18]} 42. Bxe5 {[%clk 00:32:49]} {[%emt 00:00:25]} c6
{[%clk 00:24:22]} {[%emt 00:06:32]} 43. Rd1 {[%clk 00:29:03]} {[%emt 00:04:16]}
Kf7 {[%clk 00:21:09]} {[%emt 00:02:45]} 44. c5 {[%clk 00:27:12]} {[%emt
00:03:20]} Bd5 {[%clk 00:19:12]} {[%emt 00:02:28]} 45. Re1 {[%clk 00:24:24]}
{[%emt 00:03:16]} Bg2 {[%clk 00:14:31]} {[%emt 00:05:13]} 46. Re3 {[%clk
00:24:36]} {[%emt 00:00:17]} Re8 {[%clk 00:08:10]} {[%emt 00:06:53]} 47. Kg5
{[%clk 00:24:23]} {[%emt 00:00:41]} Rd8 {[%clk 00:05:36]} {[%emt 00:03:05]} 48.
Bd6 {[%clk 00:22:56]} {[%emt 00:01:58]} Re8 {[%clk 00:04:10]} {[%emt 00:01:57]}
49. Rxe8 {[%clk 00:21:44]} {[%emt 00:01:41]} Kxe8 {[%clk 00:04:31]} {[%emt
00:00:09]} 50. Kxg6 {[%clk 00:22:08]} {[%emt 00:00:06]} Bxh3 {[%clk 00:02:07]}
{[%emt 00:02:54]} 51. Kxh5 {[%clk 00:22:31]} {[%emt 00:00:07]} Kf7 {[%clk
00:02:20]} {[%emt 00:00:17]} 52. Kg5 {[%clk 00:20:46]} {[%emt 00:02:14]} Be6
{[%clk 00:02:24]} {[%emt 00:00:26]} 53. f5 {[%clk 00:19:03]} {[%emt 00:02:14]}
Bd5 {[%clk 00:02:41]} {[%emt 00:00:13]} 54. f6 {[%clk 00:14:35]} {[%emt
00:04:58]} Be6 {[%clk 00:02:37]} {[%emt 00:00:34]} 55. Be7 {[%clk 00:14:47]}
{[%emt 00:00:18]} Bd5 {[%clk 00:02:50]} {[%emt 00:00:17]} 56. Kf5 {[%clk
00:14:05]} {[%emt 00:01:12]} Bh1 {[%clk 00:02:45]} {[%emt 00:00:35]} 57. Ke5
{[%clk 00:14:01]} {[%emt 00:00:34]} Bd5 1/2-1/2